Rozpoznaj aktora po roli cz.2 (polscy aktorzy) - Statystyki

Ogólne statystyki
  • Ten quiz został rozwiązany 16 razy
  • Średni wynik to 8 z 15
Statystyki odpowiedzi
Rola Aktor % Poprawnych
Nikodem Dyzma (Kariera Nikodema Dyzmy) Roman Wilhelmi
94%
Poldek (Podróż za jeden uśmiech) Henryk Gołębiewski
81%
Gustaw Kramer (VaBank) Leonard Pietraszak
75%
Hans Kloss (Stawka większa niż życie) Stanisław Mikulski
75%
Jan Winnicki (Alternatywy 4) Janusz Gajos
69%
Duduś (Podróż za jeden uśmiech) Filip Łobodziński
63%
Kapitan Sowa (Kapitan Sowa na tropie) Wiesław Gołas
63%
Inżynier Mamoń (Rejs) Zdzisław Maklakiewicz
63%
Jan Hochwander (Miś) Krzysztof Kowalewski
56%
Nina (Kariera Nikodema Dyzmy) Grażyna Barszczewska
50%
Krashan (Zmiennicy) Piotr Pręgowski
44%
Maharadża (Hydro zagadka) Roman Kłosowski
31%
Gruby (Vinci) Mieczysław Grąbka
19%
Mężczyzna goniący świnię (Co mi zrobisz jak mnie złapiesz) Wojciech Pokora
19%
Komisarz Przygoda (VaBank) Józef Para
13%
Nie znaleziono quizów pasujących do podanych kryteriów
Rozkład punktacji
Procent ludzi z każdym wynikiem
Percentyl według liczby udzielonych odpowiedzi
Twoja historia wyników
Nie rozwiązałeś tego quizu